Top 10 Manchester United Premier League Most Assists - Statistics

General Stats
  • This quiz has been taken 713 times
    339 since last reset
  • The average score is 8 of 11
Answer Stats
Player Assists % Correct
Ryan Giggs 191
97%
Wayne Rooney 98
96%
Paul Scholes 58
94%
Cristiano Ronaldo 47
93%
David Beckham 85
87%
Bruno Fernandes 72
77%
Marcus Rashford 40
74%
Nani 43
62%
Eric Cantona 38
53%
Paul Pogba 38
47%
Antonio Valencia 40
39%
No matching quizzes found
Score Distribution
Percent of People with Each Score
Percentile by Number Answered
Your Score History
You have not taken this quiz since the last reset